Countries by clue #2 - Statistics

General Stats
  • This quiz has been taken 36 times
  • The average score is 17 of 20
Answer Stats
Hint Answer % Correct
2nd biggest South American country Argentina
97%
Cleopatra, Giza Egypt
97%
Tear dropped shaped island off india Sri lanka
97%
Biggest of the Nordic countries Sweden
97%
Sicily, Punic wars Italy
94%
Pope Vatican city
94%
Biggest landlocked South American country Bolivia
91%
Smaller version of the united kingdom Ireland
91%
Island chain in asia that speaks tagalog Philippines
88%
A bigger version of new zealand Australia
85%
Cigar, bay of pigs, plantains Cuba
85%
Tiny country that controls a big cold territory Denmark
85%
There’s a north in a south but this ones bigger North Korea
82%
Borders three countries and is in North America is big Mexico
79%
Northern African country, small Tunisia
79%
Like above country but they have a lot more nukes Russia
76%
Lost 20% of its land area in 2011 Sudan
76%
Borders one country with a language similar to spanish Portugal
73%
Island close to above that is “sinking” due to climate change Maldives
64%
Setting of borat Kazakstan
33%
No matching quizzes found
Score Distribution
Percent of People with Each Score
Percentile by Number Answered
Your Score History
You have not taken this quiz